Every Netflix TV Show (2012-2018) by any 3 Letters Quiz Stats

 Plays Quiz not verified by Sporcle

Score 0/268 Timer 12:00
0 Plays Today
Genre Title % Correct
Children and familyVeggieTales in the House
92.6%
Foreign language: SpanishThe House of Flowers
92.6%
Drama: HorrorThe Haunting of Hill House
92.3%
Drama: ComedydramaOrange Is the New Black
91.5%
Children and familyStretch Armstrong and the Flex Fighters
90.9%
Docuseries: BiographyAbstract: The Art of Design
90.3%
Foreign language: SpanishClub de Cuervos Presents: The Ballad of Hugo Sánchez
89.5%
Docuseries: True crimeEvil Genius: The True Story of America's Most Diabolical Bank Heist
89.2%
Comedy: Sketch comedyNetflix Presents: The Characters
88.9%
Comedy: MockumentaryTrailer Park Boys Out of the Park: USA
88.9%
Children and familyThe Mr. Peabody & Sherman Show
88.6%
Comedy: MockumentaryTrailer Park Boys Out of the Park: Europe
88.6%
Reality: Cooking showThe Curious Creations of Christine McConnell
88.6%
Children and familySheRa and the Princesses of Power
88.6%
Docuseries: DocuseriesInside the Real Narcos
88.6%
Children and familyLego Bionicle: The Journey to One
88.3%
Children and familyLego Friends: The Power of Friendship
88%
Drama: Family dramaGilmore Girls: A Year in the Life
88%
Comedy: Comic science fictionMystery Science Theater 3000: The Return
88%
Variety and talk shows: ScienceBill Nye Saves the World
88%
Children and familyTrue and the Rainbow Kingdom
88%
Docuseries: True crimeShot in the Dark
88%
Comedy: ComedyAll About the Washingtons
88%
Docuseries: Travel documentaryJack Whitehall: Travels with My Father
87.7%
Children and familyThe Epic Tales of Captain Underpants
87.7%
Docuseries: True crimeThe Innocent Man
87.7%
Foreign language: JapaneseJimmy: The True Story of a True Idiot
87.7%
Docuseries: Interview13 Reasons Why: Beyond the Reasons
87.5%
Children and familyThe Magic School Bus Rides Again
87.5%
Docuseries: DocumentaryThe Toys That Made Us
87.5%
Variety and talk shows: LatenightThe Break with Michelle Wolf
87.5%
Foreign language: PortugueseThe Mechanism
87.5%
Docuseries: ComedyRussell Peters Vs. the World
87.2%
Children and familyThe Adventures of Puss in Boots
87.2%
Children and familyDragons: Race to the Edge
87.2%
Children and familyTrolls: The Beat Goes On
87.2%
Anime: SupernaturalSWORDGAI The Animation
87.2%
Children and familyDawn of the Croods
86.9%
Children and familyAsk the StoryBots
86.9%
Drama: Historical dramaThe Crown
86.9%
Marvel series: Crime drama/conspiracy thrillerThe Punisher
86.9%
Variety and talk shows: ComedyThe Joel McHale Show with Joel McHale
86.9%
Foreign language: DanishThe Rain
86.9%
Comedy: SitcomThe Ranch
86.6%
Marvel series: Superhero action/dramaThe Defenders
86.6%
Docuseries: BiographyThe Day I Met El Chapo
86.6%
Children and familyThe Boss Baby: Back in Business
86.6%
Live action: EducationalThe Who Was? Show
86.6%
Live action: DramaThe Ponysitters Club
86.6%
Children and familyKong: King of the Apes
86.3%
Drama: Musical dramaThe Get Down
86.3%
Children and familyVeggieTales in the City
86.3%
Docuseries: True crimeThe Confession Tapes
86.3%
Comedy: ComedyThe Kominsky Method
86.3%
Docuseries: Crime dramaThe Keepers
86%
Drama: Supernatural fictionThe Innocents
86%
Children and familyThe Dragon Prince
86%
Foreign language: FrenchThe Hook Up Plan
86%
Anime: SuspenseB: The Beginning
85.8%
Foreign language: TurkishThe Protector
85.8%
Reality: Culinary competitionThe Final Table
85.5%
Children and familyThe Hollow
84.9%
Drama: Police procedural comedydramaThe Good Cop
84.9%
Drama: MysteryThe OA
84%
Variety and talk shows: Panel showThe Fix
84%
Children and familyCare Bears and Cousins
81.5%
Comedy: SitcomFuller House
79.5%
Children and familyEdgar Rice Burroughs' Tarzan and Jane
78.3%
Live action: Science fiction/teen dramaGreenhouse Academy
77.2%
Drama: Science fiction/horrorStranger Things
76.6%
Comedy: MockumentaryAmerican Vandal
76.6%
Variety and talk shows: AftershowBeyond Stranger Things
76.6%
Comedy: ComedydramaGrace and Frankie
76.1%
Drama: Political dramaHouse of Cards
75.8%
Children and familySkylanders Academy
74.9%
Foreign language: JapaneseBlazing Transfer Students
74.4%
Reality: RealityFirst and Last
72.6%
Docuseries: SportSunderland 'Til I Die
72.6%
Variety and talk shows: InterviewMy Next Guest Needs No Introduction with David Letterman
71.2%
Reality: Motoring television seriesCar Masters: Rust to Riches
70.7%
Comedy: Satirical comedyWet Hot American Summer: Ten Years Later
70.4%
Reality: CelebrityChasing Cameron
69.5%
Drama: Supernatural comingofagehorrorChilling Adventures of Sabrina
69.5%
Drama: Supernatural crime dramaTidelands
69.5%
Comedy: Satirical comedyWet Hot American Summer: First Day of Camp
68.7%
Children and familyBuddy Thunderstruck
68.7%
Children and familyLarva Island
68.7%
Docuseries: Nature72 Dangerous Animals: Latin America
68.1%
Foreign language: KoreanYG Future Strategy Office
68.1%
Drama: Blackcomedy mysteryA Series of Unfortunate Events
67.2%
Genre Title % Correct
Comedy: Comingofage comedyEverything Sucks
67.2%
Children and familyVoltron: Legendary Defender
67%
Docuseries: Crime dramaMaking a Murderer
66.7%
Docuseries: DocuseriesMarching Orders
66.7%
Children and familyTrollhunters: Tales of Arcadia
66.1%
Live action: ComedyBest.Worst.Weekend.Ever.
65.8%
Children and familyAll Hail King Julien: Exiled
65.2%
Reality: RealityAmazing Interiors
64.1%
Children and familyKulipari: An Army of Frogs
63.8%
Docuseries: DocuseriesTerrorism Close Calls
63.2%
Variety and talk shows: Variety showA Little Help with Carol Burnett
63%
Children and familyAll Hail King Julien
62.7%
Comedy: ComedyHaters Back Off
62.7%
Foreign language: HindiGhoul
62.7%
Foreign language: SpanishWild District
62.7%
Comedy: ComedyMaster of None
62.4%
Docuseries: DocumentaryGirls Incarcerated
62.4%
Comedy: ComedyFriends from College
62.1%
Marvel series: Crime drama/legal dramaDaredevil
61.8%
Reality: CompetitionUltimate Beastmaster
61.8%
Children and familyDinotrux Supercharged
61.8%
Docuseries: DocumentaryDaughters of Destiny
61.3%
Drama: Science fictionAltered Carbon
61.3%
Reality: CelebrityDancing Queen
61.3%
Docuseries: HistoryBobby Kennedy for President
60.1%
Children and familySpirit Riding Free
59.8%
Docuseries: MiniseriesFire Chasers
59.8%
Children and familySuper Monsters
59.8%
Comedy: ComedyUnbreakable Kimmy Schmidt
59.5%
Comedy: Medieval fantasy comedyDisenchantment
59.5%
Variety and talk shows: Talk showNorm Macdonald Has a Show
59.5%
Children and familyHome: Adventures with Tip & Oh
58.7%
Children and familyTrue: Wonderful Wishes
58.7%
Reality: RealityMagic for Humans
58.7%
Variety and talk shows: Talk showPatriot Act with Hasan Minhaj
58.7%
Foreign language: HindiSacred Games
58.7%
Docuseries: DocumentaryHot Girls Wanted: Turned On
58.1%
Children and familyTrue: Magical Friends
57.8%
Children and familyLego Elves: Secrets of Elvendale
57.5%
Reality: Motoring television seriesFastest Car
57.5%
Children and familyHarvey Street Kids
57.5%
Foreign language: PortugueseSamantha
57.5%
Comedy: Black comedydramaBoJack Horseman
57.3%
Marvel series: Neonoir/psychological thrillerJessica Jones
57.3%
Reality: Cooking showCooking on High
57.3%
Docuseries: Nature72 Dangerous Animals: Asia
57%
Drama: Teen drama/mystery13 Reasons Why
55.8%
Docuseries: Historical dramaRoman Empire
55.6%
Docuseries: Culinary artChef's Table: France
55.3%
Comedy: SitcomOne Day at a Time
55.3%
Docuseries: Travel documentaryDark Tourist
55.3%
Foreign language: SpanishIngobernable
55.3%
Anime: Science fictionA.I.C.O. Incarnation
55%
Docuseries: DocuseriesFollow This
55%
Children and familyEver After High
54.7%
Children and familyLuna Petunia: Return to Amazia
54.7%
Children and familyLegend Quest
54.4%
Docuseries: Historical drama miniseriesFive Came Back
54.1%
Reality: Reality competitionNailed It Holiday
54.1%
Foreign language: ItalianSuburra: Blood on Rome
54.1%
Reality: Science investigationWhite Rabbit Project
53.8%
Anime: Supernatural horrorDevilman Crybaby
53.6%
Children and familyLlama Llama
52.7%
Children and familyKulipari: Dream Walker
52.7%
Children and familyCupcake & Dino: General Services
52.4%
Anime: CrimeHero Mask
52.4%
Children and familyJustin Time GO
51.9%
Comedy: Satire/DramaDear White People
51.3%
Comedy: SitcomF Is for Family
51%
Drama: Crime dramaMindhunter
50.7%
Children and familySpy Kids: Mission Critical
50.7%
Children and family3Below: Tales of Arcadia
50.7%
Drama: Science fictionLost in Space
50.4%
Children and familyWord Party
50.1%
Docuseries: SportLast Chance U
50.1%
Docuseries: DocumentaryDirty Money
49.9%
Docuseries: Travel documentaryFightWorld
49.9%
Foreign language: SpanishCable Girls
49.9%
Drama: Crime dramaSeven Seconds
49.3%
Comedy: Dark comedyManiac
49.3%
Docuseries: Documentary miniseriesNovember 13: Attack on Paris
48.7%
Reality: RealityStay Here
48.7%
Comedy: ComedyhorrorSanta Clarita Diet
48.4%
Foreign language: HindiSelection Day
48.1%
Foreign language: JapaneseSwitched
47.6%
Comedy: ComedyDisjointed
47.3%
Foreign language: FrenchMarseille
47.3%
Foreign language: KoreanMy Only Love Song
47%
Docuseries: DocuseriesBoca Juniors Confidential
46.4%
Live action: EducationalJulie's Greenroom
46.2%
Genre Title % Correct
Live action: EducationalBrainchild
45.6%
Docuseries: DocumentaryFlint Town
45.3%
Docuseries: ComedyChelsea Does
44.4%
Comedy: SuperheroLGBT comedySuper Drags
44.4%
Docuseries: True crimeMurder Mountain
44.4%
Docuseries: Culinary artChef's Table
43.6%
Docuseries: DocuseriesExplained
43.3%
Drama: ThrillerBloodline
42.7%
Docuseries: SportFirst Team: Juventus
42.5%
Drama: Historical dramaMarco Polo
42.2%
Comedy: ComedyParadise PD
42.2%
Foreign language: SpanishEstocolmo
41.9%
Children and familyDinotrux
41.6%
Live action: Teen dramaFree Rein
41%
Reality: Makeover realityQueer Eye
41%
Comedy: ComedydramaShe's Gotta Have It
40.7%
Anime: Dark fantasyCastlevania
40.2%
Docuseries: Psychological dramaminiseriesWormwood
40.2%
Variety and talk shows: LatenightChelsea
39.9%
Children and familyWorld of Winx
39.9%
Drama: Dark comedydramaInsatiable
39.9%
Docuseries: Docuseries7 Days Out
39.6%
Marvel series: Martial arts/business dramaIron Fist
39.3%
Variety and talk shows: Korean language variety showBusted
39.3%
Reality: RealityDeath by Magic
39.3%
Foreign language: GermanDark
39.3%
Live action: SitcomRichie Rich
39%
Foreign language: SpanishClub of Crows
38.7%
Live action: SitcomPrince of Peoria
38.5%
Anime: Musical fantasyLost Song
38.2%
Foreign language: SpanishDiablero
37.6%
Comedy: ComedyGirlboss
37.3%
Reality: HorrorHaunted
36.8%
Docuseries: Travel documentarySalt, Fat, Acid, Heat
35.6%
Docuseries: SportFearless
35%
Reality: Baking competitionSugar Rush
35%
Reality: RealityBattlefish
34.5%
Docuseries: DocuseriesMedal of Honor
34.5%
Drama: Crime dramaNarcos: Mexico
34.5%
Foreign language: GermanDogs of Berlin
34.5%
Docuseries: DocuseriesAfflicted
33.9%
Anime: ComedyAggretsuko
33.3%
Reality: MusicWestside
33.3%
Comedy: Romantic comedyLove
32.5%
Marvel series: Neoblaxploitation/neowesternLuke Cage
32.5%
Comedy: Comingofage comedyBig Mouth
32.5%
Docuseries: DocumentaryWild Wild Country
32.2%
Children and familyLuna Petunia
31.9%
Children and familyMotown Magic
31.6%
Docuseries: Travel documentarySomebody Feed Phil
31.3%
Docuseries: DocumentaryDrug Lords
31.3%
Drama: Crime dramaNarcos
31.1%
Reality: CompetitionNailed It
30.5%
Drama: Horror/thrillerHemlock Grove
29.9%
Reality: Spanish language reality seriesMade In Mexico
29.6%
Docuseries: DocumentaryRotten
27.4%
Docuseries: DocuseriesVai Anitta
27.4%
Children and familyTurbo FAST
27.1%
Children and familyPopples
26.8%
Drama: WesternGodless
26.5%
Comedy: Coming of age comedyOn My Block
26.2%
Children and familyWe're Lalaloopsy
25.6%
Foreign language: SpanishÉlite
25.6%
Comedy: Comingofage comedyAtypical
25.4%
Docuseries: Culinary artCooked
23.4%
Docuseries: Travel documentaryUgly Delicious
21.9%
Live action: SitcomAlexa & Katie
21.9%
Comedy: ComedyFlaked
21.7%
Comedy: ComedyLady Dynamite
21.4%
Docuseries: DocumentaryCaptive
21.4%
Docuseries: DocumentaryRapture
20.5%
Drama: Science fictionSense8
19.4%
Live action: ComedyProject Mc2
17.9%
Comedy: ComedyGLOW
17.7%
Comedy: Sketch comedyW Bob & David
16.2%
Drama: Crime dramaOzark
16%
Children and familyHilda
14.8%
Foreign language: ItalianBaby
14.8%
Comedy: Romantic comedy anthologyEasy
13.1%
Docuseries: DocuseriesDogs
12.8%
Anime: Martial artsBaki
12.3%
Docuseries: SportCoach Snoop
10.8%
Docuseries: DocumentaryDope
6.3%
Drama: Psychological thrillerGypsy
3.1%
Comedy: Science fantasy comedyNeo Yokio
2.6%
Foreign language: Portuguese3%
2.3%
Foreign language: Polish1983
0.3%
Foreign language: SpanishEdha
0.3%

You're not logged in!

Compare scores with friends on all Sporcle quizzes.
OR
Log In

Show Comments

Extras

Top Quizzes Today


Score Distribution

Your Account Isn't Verified!

In order to create a playlist on Sporcle, you need to verify the email address you used during registration. Go to your Sporcle Settings to finish the process.

Report this User

Report this user for behavior that violates our Community Guidelines.

Details: